|
|
|
|
| LEADER |
00000nam a2200000 a 4500 |
| 001 |
UCZ4906 |
| 003 |
CL-VaPUC |
| 008 |
951115e19440000CL |||||||||||||||||spa|d |
| 082 |
0 |
4 |
|a Ch863
|b FER
|2 21
|
| 100 |
0 |
|
|a Fernández Rodríguez, Pedro
|e author
|9 348863
|
| 245 |
1 |
0 |
|a Tierras de Pedro Ramírez
|
| 300 |
|
|
|a 195 p
|
| 942 |
|
|
|c BK
|
| 945 |
|
|
|d 19951115 00:00:00
|a rleighto
|
| 260 |
|
|
|a Santiago
|b La Salle
|c 1944
|
| 650 |
|
0 |
|a Novelas chilenas
|9 265425
|
| 583 |
|
|
|a last modification
|c 19951115 00:00:00
|k Rodrigo Vera
|
| 999 |
|
|
|c 241249
|d 241247
|
| 952 |
|
|
|0 0
|1 0
|4 0
|6 CH_863_000000000000000_FER_1944
|7 0
|8 A
|9 253533
|a BIBEDU
|b BIBEDU
|d 2019-11-19
|i 3148009
|o Ch863 FER 1944
|p 3148009
|r 2019-11-19
|w 2019-11-19
|y BK
|k LIT
|
| 952 |
|
|
|0 0
|1 0
|4 0
|6 CH_863_000000000000000_FER_1944
|7 0
|8 A
|9 253534
|a BIBEDU
|b BIBEDU
|d 2019-11-19
|i 452022K
|o Ch863 FER 1944
|p 452022K
|r 2019-11-19
|w 2019-11-19
|y BK
|k LIT
|